Vybrané otázky z makroekonomie

Gespeichert in:
Bibliographische Detailangaben
1. Verfasser: Pudlák, Jan
Format: Buch
Sprache:Tschechisch
Veröffentlicht: Praha VŠE 1990
Ausgabe:1. vyd.
Tags: Tag hinzufügen
Keine Tags, Fügen Sie das erste Tag hinzu!

MARC

LEADER 00000nam a2200000 4500
001 c033398
005 20221215121004.7
041 0 |a cze 
044 |a CZ 
245 1 0 |a Vybrané otázky z makroekonomie  |c Jan Pudlák a kol. 
250 |a 1. vyd. 
264 1 |a Praha  |b VŠE  |c 1990 
300 |a 102 s. 
100 1 |a Pudlák, Jan